000 00670nam a2200193 i 4500
001 89152
003 ES-MaACL
005 20230906180104.0
007 t|
008 050105s1969 sp ||||1| spa d
100 1 _aLange, Oskar.
_970026
245 1 0 _aIntroducción a la economía cibernética /
_cpor Oskar Lange ; en colaboración con Antoni Banasinski ; traducción de Mercedes Escamilla de Kurticz.
250 _a[1ª ed.].
260 _a[Madrid] :
_bSiglo Veintiuno de España,
_c[1969]
300 _aVIII, 192 p. ;
_c21 cm.
700 1 _aBanasinski, Antoni.
_925158
700 1 _aEscamilla de Kurticz, Mercedes.
_947494
852 _aES-MaACL
_jC-39552
_bR.71408
999 _c89152
_d89152